Central Library OPAC University of Rajshahi

Histoire des Seldjoucides d'Asie Mineure d'après l'arbégé du Seldjouknāmeh d'Ibn-Bībī : (Record no. 79156)

MARC details
000 -LEADER
fixed length control field 01469cam a2200313 a 4500
001 - CONTROL NUMBER
control field 79156
003 - CONTROL NUMBER IDENTIFIER
rucl marc code BD-RjUL
005 - DATE AND TIME OF LATEST TRANSACTION
control field 20220111165541.0
008 - FIXED-LENGTH DATA ELEMENTS--GENERAL INFORMATION
fixed length control field 220107s1902 ne 000 0 per d
035 ## - SYSTEM CONTROL NUMBER
System control number (BD-RjUL)79156
040 ## - CATALOGING SOURCE
Original cataloging agency NNL
Transcribing agency DRP
Modifying agency OCL
-- OCLCQ
-- OSU
-- KRTAS
Language of cataloging fre
041 ## - LANGUAGE CODE
Language code of text/sound track or separate title per
082 ## - DEWEY DECIMAL CLASSIFICATION NUMBER
Classification number 956.1014
Author mark and year IBA 1902
Edition number 23
100 1# - MAIN ENTRY--PERSONAL NAME
Personal name Ibn Bībī, Nāṣir al-Dīn Ḥusayn ibn Muḥammad,
Dates associated with a name -1284 or 1285
Linkage 880-01
9 (RLIN) 660
245 10 - TITLE STATEMENT
Title Histoire des Seldjoucides d'Asie Mineure d'après l'arbégé du Seldjouknāmeh d'Ibn-Bībī :
Remainder of title texte persan, publié d'après le ms. de Paris /
Statement of responsibility, etc. par M. Th. Houtsma.
246 1# - VARYING FORM OF TITLE
Display text للكتاب عنوان ثان بالفارسية:
Title proper/short title مختصر سلجوقنامه /
Miscellaneous information واصله تاليف يحيى بن محمد، المعروف بابن البيبى
260 ## - PUBLICATION, DISTRIBUTION, ETC. (IMPRINT)
Place of publication, distribution, etc. Leide :
Name of publisher, distributor, etc. E.J. Brill,
Date of publication, distribution, etc. 1902.
300 ## - PHYSICAL DESCRIPTION
Pagination [xviii, 358 pages] ;
Size 24 cm.
490 1# - SERIES STATEMENT
Series statement Recueil de textes relatifs à l'histoire des Seldjoucides ;
Volume/sequential designation 4
Series statement تواريخ آل سلجوق ؛
Volume/sequential designation 4
650 #4 - SUBJECT ADDED ENTRY--TOPICAL TERM
Topical term or geographic name as entry element Seljuks
General subdivision History
9 (RLIN) 661
651 #4 - SUBJECT ADDED ENTRY--GEOGRAPHIC NAME
Geographic name Turkey
General subdivision History
9 (RLIN) 662
700 1# - ADDED ENTRY--PERSONAL NAME
Personal name Houtsma, M. Th.
Fuller form of name (Martijn Theodoor),
Dates associated with a name 1851-1943
773 18 - HOST ITEM ENTRY
Title Recueil de textes relatifs à l'histoire des Seljoucides /
Related parts no:4
Relationship code ANA
830 #0 - SERIES ADDED ENTRY--UNIFORM TITLE
Uniform title تواريخ آل سلجوق ؛
Volume number/sequential designation 4.
Uniform title Recueil de textes relatifs à l'histoire des Seldjoucides ;
Volume number/sequential designation 4.
942 ## - ADDED ENTRY ELEMENTS (KOHA)
Source of classification or shelving scheme Dewey Decimal Classification
Koha item type Books
Holdings
Lost status Source of classification or shelving scheme Damaged status Not for loan Collection code Permanent Location Current Location Shelving location Date acquired Full call number Date last seen Copy number Koha item type Source of acquisition Total Checkouts
  Dewey Decimal Classification   Not For Loan Non-fiction Central Library, University of Rajshahi Central Library, University of Rajshahi Reading Room 11/01/2022 F 956.1014 IBA 1902 11/01/2022 C-1 Books    
  Dewey Decimal Classification     Non-fiction Central Library, University of Rajshahi Central Library, University of Rajshahi General Stacks 20/02/1963 F 956.1014 IBA 1902 11/02/2024 C-2 Books Zeitlinger